[Event "Monastir zt 4.1"]
[Site "Monastir"]
[Date "2022.03.16"]
[Round "5"]
[White "Ben Brahem, Aymen"]
[Black "Msellek, Ilyass"]
[Result "1/2-1/2"]
[WhiteElo "2172"]
[BlackElo "2411"]
[PlyCount "153"]
[EventDate "2022.03.13"]
[EventType "swiss"]
[EventRounds "9"]
[EventCountry "TUN"]
[SourceTitle "EXT 2023"]
[Source "ChessBase"]
[SourceDate "2022.10.05"]
[SourceVersion "1"]
[SourceVersionDate "2022.10.05"]
[SourceQuality "1"]

1. d4 d5 2. Bf4 c5 3. e3 Nc6 4. c3 Qb6 5. Qb3 c4 6. Qc2 e5 7. Bxe5 Bf5 8. Qc1 Nxe5 9. dxe5 f6 10. e6 Bxe6 11. Nf3 Bc5 12. Nbd2 f5 13. Nd4 Nf6 14. N2f3 0-0 15. Be2 Ne4 16. 0-0 Rac8 17. Rb1 Bd7 18. Rd1 Qh6 19. g3 Rce8 20. b3 cxb3 21. axb3 g5 22. h4 gxh4 23. Nxh4 Bd6 24. Ng2 Re7 25. Bf3 Rc8 26. Ne2 Bb5 27. c4 dxc4 28. Bxe4 fxe4 29. Qd2 c3 30. Qd5+ Qe6 31. Nxc3 Bd3 32. Rbc1 Ba3 33. Nf4 Qf7 34. Qg5+ Qg7 35. Qd5+ Kh8 36. Ne6 Rxe6 37. Qxe6 Rf8 38. Nxe4 Bxe4 39. Qxe4 Bxc1 40. Rxc1 Rd8 41. Qf5 b6 42. e4 a5 43. Kg2 Qe7 44. Rc6 Re8 45. Rxb6 Qxe4+ 46. Qxe4 Rxe4 47. Rb5 a4 48. bxa4 Rxa4 49. Rb7 Ra3 50. f4 Kg8 51. Kh3 Rc3 52. Kh4 Rf3 53. Kg4 Ra3 54. Kh4 Rf3 55. Ra7 Kh8 56. Kg4 Rb3 57. f5 Kg8 58. Kf4 Rb4+ 59. Kg5 Rb6 60. g4 Rc6 61. Kh5 Rb6 62. Kg5 Rc6 63. Re7 Ra6 64. Rd7 Rb6 65. f6 Rb1 66. Rg7+ Kh8 67. Re7 Kg8 68. Rd7 Ra1 69. Rg7+ Kh8 70. Re7 Kg8 71. Kf5 Rf1+ 72. Ke6 Re1+ 73. Kd7 Ra1 74. Rg7+ Kh8 75. Re7 Kg8 76. Ke6 Re1+ 77. Kd7 1/2-1/2

[Event "TUN-ch"]
[Site "Sfax"]
[Date "2022.01.25"]
[Round "4"]
[White "Ben Ghanem, Hamed"]
[Black "Ben Brahem, Aymen"]
[Result "0-1"]
[WhiteElo "2100"]
[BlackElo "2131"]
[PlyCount "61"]
[EventDate "2022.01.22"]
[EventType "tourn"]
[EventRounds "11"]
[EventCountry "TUN"]
[SourceTitle "CBM 206 Extra"]
[Source "ChessBase"]
[SourceDate "2022.03.31"]
[SourceVersion "1"]
[SourceVersionDate "2022.03.31"]
[SourceQuality "1"]

1. e4 c5 2. Nf3 d6 3. d4 cxd4 4. Nxd4 Nf6 5. Nc3 g6 6. f3 Bg7 7. Be3 0-0 8. Qd2 Nc6 9. 0-0-0 d5 10. exd5 Nxd5 11. Nxc6 bxc6 12. Bd4 e5 13. Bc5 Be6 14. Bc4 Re8 15. Nxd5 Bxd5 16. Bxd5 cxd5 17. Qxd5 Qg5+ 18. Qd2 Qh4 19. Kb1 a5 20. Qf2 Qc4 21. b3 Rab8 22. Rhe1 Rec8 23. Ba7 Rb7 24. Re4 Qc6 25. Kc1 Qc3 26. Kb1 Rxa7 27. Rd3 Qc5 28. Qxc5 Rxc5 29. Rd8+ Bf8 30. f4 f6 31. Kc1 0-1

[Event "Sousse BICA op 1st"]
[Site "Sousse"]
[Date "2021.12.25"]
[Round "3"]
[White "Ben Brahem, Aymen"]
[Black "Bouchamla, Alaa"]
[Result "1-0"]
[WhiteElo "2131"]
[BlackElo "1861"]
[PlyCount "63"]
[EventDate "2021.12.24"]
[EventType "swiss"]
[EventRounds "9"]
[EventCountry "TUN"]
[SourceTitle "CBM 205 Extra"]
[Source "ChessBase"]
[SourceDate "2022.01.31"]
[SourceVersion "1"]
[SourceVersionDate "2022.01.31"]
[SourceQuality "1"]

1. d4 Nf6 2. Bf4 d5 3. e3 e6 4. Nd2 Bd6 5. Bg3 0-0 6. Ngf3 c5 7. c3 Nc6 8. Bd3 b6 9. e4 Be7 10. e5 Nh5 11. Ng5 Bxg5 12. Qxh5 g6 13. Qe2 cxd4 14. h4 Bh6 15. h5 dxc3 16. bxc3 g5 17. 0-0 f6 18. exf6 Qxf6 19. Bb5 Bd7 20. Nf3 Bg7 21. Bxc6 Bxc6 22. Be5 Qe7 23. Bxg7 Kxg7 24. Qe5+ Kh6 25. Rfe1 Rae8 26. Qg3 Bd7 27. Re3 Qf6 28. Ne5 Qe7 29. Ng4+ Kg7 30. Qe5+ Rf6 31. Qxg5+ Kf7 32. Ne5+ 1-0

[Event "TUN-ch"]
[Site "Istanbul"]
[Date "2021.04.08"]
[Round "6"]
[White "Ben Brahem, Aymen"]
[Black "Zaibi, Amir"]
[Result "0-1"]
[WhiteElo "2140"]
[BlackElo "2381"]
[PlyCount "48"]
[EventDate "2021.04.04"]
[EventType "tourn"]
[EventRounds "9"]
[EventCountry "TUR"]
[SourceTitle "CBM 201 Extra"]
[Source "ChessBase"]
[SourceDate "2021.05.31"]
[SourceVersion "1"]
[SourceVersionDate "2021.05.31"]
[SourceQuality "1"]

1. d4 Nf6 2. Bf4 d5 3. e3 Bf5 4. Nf3 e6 5. Bd3 Bd6 6. Bxf5 exf5 7. Ne5 Nc6 8. Qd3 Qc8 9. 0-0 0-0 10. Nd2 Re8 11. Nxc6 bxc6 12. Bg5 Ne4 13. Bh4 g5 14. Bg3 f4 15. exf4 gxf4 16. Bh4 Nxd2 17. Qxd2 Qg4 18. Bf6 Qg6 19. Bh4 Qh5 20. Bf6 Re2 21. Qc3 Rae8 22. Qxc6 f3 23. Be5 R8xe5 24. dxe5 Qg4 0-1

[Event "TUN-ch"]
[Site "Hammam Sousse"]
[Date "2020.01.22"]
[Round "6"]
[White "Douissa, Oussama"]
[Black "Ben Brahem, Aymen"]
[Result "1/2-1/2"]
[WhiteElo "2270"]
[BlackElo "2078"]
[PlyCount "108"]
[EventDate "2020.01.18"]
[EventType "tourn"]
[EventRounds "11"]
[EventCountry "TUN"]
[SourceTitle "EXT 2021"]
[Source "ChessBase"]
[SourceDate "2020.10.23"]
[SourceVersion "1"]
[SourceVersionDate "2020.10.23"]
[SourceQuality "1"]

1. e4 c5 2. Nf3 d6 3. d4 cxd4 4. Qxd4 Bd7 5. Bg5 Nc6 6. Qe3 h6 7. Bh4 g5 8. Bg3 Bg7 9. Nc3 Qa5 10. Bc4 Nf6 11. 0-0 Ng4 12. Qd2 Bxc3 13. bxc3 Nge5 14. Nxe5 Nxe5 15. Bd5 Bb5 16. Rfb1 Rb8 17. Bxe5 dxe5 18. Bxf7+ Kxf7 19. Qd5+ Kf6 20. Rxb5 Qxc3 21. Qd1 Rhd8 22. Rd5 Rxd5 23. exd5 Rc8 24. h4 Qxc2 25. Qf3+ Qf5 26. Qa3 a6 27. Qb4 Rc2 28. Qb6+ Kg7 29. Rf1 Qd7 30. h5 Qd6 31. Qxb7 Rxa2 32. Rc1 e4 33. Qa7 Kf7 34. Qd4 Qf6 35. Qxe4 Qxf2+ 36. Kh1 Qh4+ 37. Qxh4 gxh4 38. Rc6 Ra5 39. d6 e6 40. Kh2 Rxh5 41. Rxa6 Rd5 42. Kh3 Rd4 43. Ra7+ Kf6 44. Rh7 Kg6 45. Rd7 Kh5 46. Rd8 Rd3+ 47. Kh2 Kg6 48. d7 Kf7 49. Rh8 Rxd7 50. Rh7+ Ke8 51. Rxh6 Rd4 52. Rxe6+ Kf7 53. Ra6 Kg7 54. Kh3 Rb4 1/2-1/2

[Event "TUN-ch Subsid"]
[Site "Hammamet"]
[Date "2019.10.31"]
[Round "7"]
[White "Ben Brahem, Aymen"]
[Black "Taieb, Sahbi"]
[Result "1/2-1/2"]
[WhiteElo "2044"]
[BlackElo "2085"]
[PlyCount "237"]
[EventDate "2019.10.27"]
[EventType "swiss"]
[EventRounds "9"]
[EventCountry "TUN"]
[SourceTitle "EXT 2021"]
[Source "ChessBase"]
[SourceDate "2020.10.23"]
[SourceVersion "1"]
[SourceVersionDate "2020.10.23"]
[SourceQuality "1"]

1. d4 c5 2. dxc5 e6 3. Bf4 Bxc5 4. Bd6 Bxd6 5. Qxd6 Qe7 6. Qxe7+ Nxe7 7. e4 f5 8. Nc3 0-0 9. Nf3 fxe4 10. Nxe4 d5 11. Nd6 Nbc6 12. Bb5 Rd8 13. Nxc8 Raxc8 14. 0-0 a6 15. Ba4 b5 16. Bb3 Na5 17. c3 Nc4 18. Rfe1 Rd6 19. Re2 Ng6 20. g3 Rf8 21. Kg2 a5 22. Nd4 a4 23. Bxc4 bxc4 24. Nxe6 Rb8 25. Nc5 a3 26. b4 d4 27. Rd1 d3 28. Re4 Rf8 29. Rxc4 Ne5 30. Rd4 Rxd4 31. cxd4 Nc6 32. Rxd3 Nxb4 33. Rxa3 Rd8 34. Nb3 Kf7 35. Ra4 Nc2 36. f4 Kf6 37. Kf3 Re8 38. Ra6+ Kf7 39. f5 Ne1+ 40. Kf4 Ng2+ 41. Kf3 Ne1+ 42. Kf2 Nd3+ 43. Kg2 Nb4 44. Ra4 Nc2 45. g4 Kf6 46. Nc5 Re2+ 47. Kg3 Re1 48. Ra6+ Kf7 49. Ne6 Rd1 50. Ra7+ Kf6 51. Nxg7 Nxd4 52. Ne8+ Ke5 53. Re7+ Kd5 54. Rxh7 Rg1+ 55. Kf4 Rf1+ 56. Kg5 Nf3+ 57. Kf6 Rg1 58. h3 Rg2 59. a4 Rc2 60. Re7 Rh2 61. Nc7+ Kd6 62. Rh7 Ne5 63. Nb5+ Kd5 64. g5 Rc2 65. g6 Rc6+ 66. Kg7 Nd7 67. Rh4 Ke5 68. Rd4 Nf6 69. Rd6 Ne8+ 70. Kf8 Nxd6 71. Nxd6 Rxd6 72. Ke7 Ra6 73. g7 Ra7+ 74. Kf8 Kf6 75. g8N+ Kxf5 76. h4 Kg4 77. Ne7 Kxh4 78. Kf7 Rxa4 79. Ke6 Kg5 80. Nd5 Ra1 81. Ke5 Re1+ 82. Kd6 Kf5 83. Ne7+ Kf6 84. Nd5+ Kf7 85. Nf4 Kf6 86. Nd5+ Kf5 87. Ne7+ Kf4 88. Nd5+ Kf3 89. Nf6 Kf4 90. Nd5+ Ke4 91. Nf6+ Kd4 92. Nd5 Rh1 93. Ke6 Rh5 94. Nf6 Re5+ 95. Kd6 Re2 96. Nd5 Ra2 97. Nb4 Ra4 98. Nc6+ Ke4 99. Ne5 Rd4+ 100. Ke6 Rd8 101. Nc6 Rh8 102. Kd6 Rh5 103. Ne7 Re5 104. Nc6 Rd5+ 105. Ke6 Rd1 106. Ne5 Rc1 107. Kd6 Ra1 108. Nc6 Ra6 109. Kc5 Ra8 110. Kc4 Rc8 111. Kc5 Rc7 112. Kd6 Rh7 113. Kc5 Rh5+ 114. Kd6 Rb5 115. Ke6 Rd5 116. Ne7 Rd8 117. Nc6 Rh8 118. Kd6 Rh6+ 119. Kc5 1/2-1/2

[Event "Sousse Sahel op"]
[Site "Sousse"]
[Date "2019.04.23"]
[Round "8"]
[White "Ben Brahem, Aymen"]
[Black "Gahfer, Khaled"]
[Result "1-0"]
[WhiteElo "1926"]
[BlackElo "1788"]
[PlyCount "101"]
[EventDate "2019.04.19"]
[EventType "swiss"]
[EventRounds "9"]
[EventCountry "TUN"]
[SourceTitle "CBM 190 Extra"]
[Source "ChessBase"]
[SourceDate "2019.07.15"]
[SourceVersion "1"]
[SourceVersionDate "2019.07.15"]
[SourceQuality "1"]

1. d4 Nf6 2. Bf4 d5 3. e3 a6 4. Bd3 e6 5. Nd2 Be7 6. Ngf3 0-0 7. Ne5 Nbd7 8. h4 c5 9. c3 c4 10. Bc2 Re8 11. Qf3 Nf8 12. h5 Bd6 13. Qg3 Re7 14. h6 g6 15. Nxg6 fxg6 16. Bxd6 Rf7 17. Be5 N6d7 18. Bf4 Qe8 19. Nf3 b5 20. Ng5 Rf6 21. Be5 Rf5 22. Bxf5 exf5 23. Bd6 Ne6 24. Qh4 Nf6 25. Nxe6 Qxe6 26. Be5 Kf7 27. Qxf6+ Qxf6 28. Bxf6 Kxf6 29. Kd2 Bd7 30. b3 g5 31. bxc4 dxc4 32. f3 Bc6 33. Ke2 a5 34. a3 a4 35. Kf2 Re8 36. Rab1 Rd8 37. Rb2 Rd6 38. Re2 Re6 39. Rhe1 Ke7 40. e4 fxe4 41. fxe4 Rxh6 42. d5 Bd7 43. Ke3 Rh4 44. Kd4 Bf5 45. Kc5 Bd7 46. e5 Rf4 47. e6 Be8 48. d6+ Kd8 49. d7 Bg6 50. Kd6 Rf6 51. Rf2 1-0

[Event "Hammam Sousse Sahel Festival Blitz"]
[Site "Hammam Sousse"]
[Date "2019.04.21"]
[Round "3.3"]
[White "Meftahi, Houssem"]
[Black "Ben Brahem, Aymen"]
[Result "1-0"]
[WhiteElo "2111"]
[BlackElo "1764"]
[PlyCount "67"]
[EventDate "2019.04.21"]
[EventType "swiss (blitz)"]
[EventRounds "7"]
[EventCountry "TUN"]
[SourceTitle "EXT 2024"]
[Source "ChessBase"]
[SourceDate "2023.10.10"]
[SourceVersion "1"]
[SourceVersionDate "2023.10.10"]
[SourceQuality "1"]

1. e4 c5 2. c3 d5 3. d3 dxe4 4. dxe4 Qxd1+ 5. Kxd1 Nf6 6. f3 Nc6 7. a4 e6 8. Na3 Be7 9. Kc2 0-0 10. Be3 Bd7 11. Bb5 a6 12. Bxc6 Bxc6 13. a5 Ba4+ 14. b3 Bc6 15. Ne2 Nd7 16. Nc4 f5 17. e5 Bd5 18. Nb6 Nxb6 19. axb6 Rac8 20. c4 Bc6 21. Rhd1 Be8 22. Nf4 Rc6 23. Ra5 g5 24. Nd3 f4 25. Bxc5 Bxc5 26. Nxc5 Rxb6 27. Rd6 Bg6+ 28. Kc3 Rxd6 29. exd6 Rd8 30. Nxb7 Rd7 31. Rc5 Rxb7 32. Rc8+ Kg7 33. Rc7+ Rxc7 34. dxc7 1-0

[Event "TUN-chTB"]
[Site "Hammamet"]
[Date "2019.03.16"]
[Round "7.2"]
[White "Ben Brahem, Aymen"]
[Black "Majdoub, Jihed"]
[Result "1-0"]
[WhiteElo "1926"]
[BlackElo "1537"]
[PlyCount "47"]
[EventDate "2019.02.09"]
[EventType "team-tourn"]
[EventRounds "11"]
[EventCountry "TUN"]
[SourceTitle "EXT 2021"]
[Source "ChessBase"]
[SourceDate "2020.10.23"]
[SourceVersion "1"]
[SourceVersionDate "2020.10.23"]
[SourceQuality "1"]

1. d4 d5 2. Bf4 Bf5 3. e3 e6 4. Nf3 Bd6 5. Bg3 Nf6 6. Bd3 Bg6 7. 0-0 0-0 8. c4 c5 9. cxd5 Nxd5 10. Nc3 Nb6 11. Bxd6 Qxd6 12. Bxg6 hxg6 13. Ne4 Qe7 14. Nxc5 Nc6 15. Rc1 Rfd8 16. Qb3 Rd5 17. a4 e5 18. e4 Nxd4 19. Nxd4 Rxc5 20. Nb5 Rac8 21. Rcd1 a6 22. Nd6 R8c6 23. Nxf7 Nc4 24. Qh3 1-0